Score 0/18 Timer 02:00
1 Play Today
clue answer % Correct
FilmMiss
92.7%
TVRock
91.3%
TVTwilight
88.7%
TVBoston
84.7%
FilmKhan
80.4%
FilmFrontier
77.3%
TheaterV
76.2%
TVHooker
72.5%
TheaterRex
67.5%
clue answer % Correct
TVDad
67.4%
TheaterShot
66.5%
FilmUnderdog
60.2%
TheaterLive
52.8%
FilmHedge
46%
FilmJudgment
32.9%
TVWhat
19.1%
TheaterGreat
11.3%
TheaterWorld
11%

Today's Daily Dose

Remove Ads.
Support Sporcle.
Get the best of Sporcle when you Go Orange. This ad-free experience offers more features, more stats, and more fun while also helping to support Sporcle. Thank you for becoming a member.

You're not logged in!

Compare scores with friends on all Sporcle quizzes.
OR
Log In

Show Comments

Extras

Top Quizzes Today


Score Distribution

Your Account Isn't Verified!

In order to create a playlist on Sporcle, you need to verify the email address you used during registration. Go to your Sporcle Settings to finish the process.

Report this User

Report this user for behavior that violates our Community Guidelines.

Details: